000 00327nam a22001457a 4500
008 181122b xxu||||| |||| 00| 0 eng d
020 _a0874880084
041 _aeng
080 _22 nd
_a618
082 _a618
100 _a10
101 _aGJIN
245 _aEndocrinology case studies
_cMazzaferri.E.L
942 _2udc
_cBK
999 _c52357
_d52357